|
|
|
|
| LEADER |
00000nab a2200000ua 4500 |
| 001 |
vtls010830251 |
| 003 |
SK-MaSNL |
| 005 |
20260303145008.0 |
| 008 |
230222s1942 xo |||||||||||||||||slo| |
| 035 |
|
|
|a (urnnbn)urn:nbn:sk:snk:ar-a06gtg
|
| 035 |
|
|
|a urn:nbn:sk:snk-ab5vf3
|
| 035 |
|
|
|a (uuid)593d9a39-f34f-427d-b499-0e36cda69891
|
| 040 |
|
|
|a SNKBUCL
|b slo
|c SNKBUCL
|e AACR2
|
| 041 |
0 |
|
|a slo
|
| 044 |
|
|
|a xo
|c SK
|
| 100 |
1 |
|
|a Mader, Osvald
|4 aut
|9 1167219
|
| 245 |
1 |
0 |
|a Paradentium
|c Osvald Mader
|
| 773 |
0 |
|
|t Zubný technik : orgán Grémia zubných technikov na Slovensku
|g Roč. 1, č. 4 (1942), s. [24]-26
|
| 954 |
|
|
|a odborná, vedecká literatúra pôvodná (slovenská)
|2 lita
|
| 958 |
|
|
|a OND
|
| 958 |
|
|
|a EUIPO
|
| 958 |
|
|
|a article5
|
| 999 |
|
|
|c 2000006
|d 2001936
|